000 00475nam a2200133Ia 4500
008 100328s9999 xx 000 0 und d
082 _b69610
100 _aमांडे अरुण-अनु.(मूळ लेखक-मायकेल क्रिश्टन).
245 _aकाँगो (Cango).
260 _bमेहता पब्लिशिंग हाऊस.
630 _aकाँगो (Cango).
730 _aकाँगो (Cango).
942 _cBOOK
999 _c555340
_d555337